| Tag |
First Indicator |
Second Indicator |
Subfields |
| LEADER |
00000cgm a2200000 a 4500 |
| 001 |
in00000033074 |
| 005 |
20151007055117.0 |
| 007 |
vf cbaho| |
| 008 |
860724s1982 ilu020|e||||| 0vleng d |
| 035 |
|
|
|a (OCoLC)13922200
|
| 035 |
|
|
|9 AAB7285AM
|
| 040 |
|
|
|a NEH
|c NEH
|d m/c
|d TXA
|d UtOrBLW
|
| 049 |
|
|
|a TXAV
|c [A10160370]
|
| 050 |
|
4 |
|a BF319.5.R4
|b M3 1982a
|
| 245 |
0 |
0 |
|a Who did what to whom II /
|c Mager Associates, Inc ; written and directed by R.F. Mager.
|
| 264 |
|
1 |
|a Champaign, Ill. :
|b Research Press,
|c [1982]
|
| 264 |
|
4 |
|c ©1982
|
| 300 |
|
|
|a 1 videocassette (20 min.) :
|b sound, color ;
|c 1/2 in. + leader's guide.
|
| 336 |
|
|
|a two-dimensional moving image
|b tdi
|2 rdacontent
|
| 337 |
|
|
|a video
|b v
|2 rdamedia
|
| 338 |
|
|
|a videocassette
|b vf
|2 rdacarrier
|
| 500 |
|
|
|a VHS format.
|
| 500 |
|
|
|a Filmed by Dick Ham Productions.
|
| 520 |
|
|
|a A training film designed to help people recognize four behavioral principles: positive reinforcement; negative reinforcement; punishment; and extinction. Specifically for those who interact in the work place.
|
| 521 |
|
|
|a Psychology
|
| 500 |
|
|
|a Videorecording.
|
| 650 |
|
0 |
|a Extinction (Psychology)
|
| 650 |
|
0 |
|a Reinforcement (Psychology)
|
| 650 |
|
0 |
|a Punishment.
|
| 700 |
1 |
|
|a Mager, Robert Frank,
|d 1923-
|
| 710 |
2 |
|
|a Mager Associates, Inc.
|
| 710 |
2 |
|
|a Research Press Company.
|
| 710 |
2 |
|
|a Dick Ham Productions.
|
| 999 |
|
|
|a MARS
|
| 999 |
f |
f |
|s 2a075f13-ca1c-3bf1-b690-e02272a15adf
|i c692f81f-dce6-3468-96c2-ef207b93151b
|t 0
|